000 00773nas a2200265 4500
001 BR0905581
003 BR-BrBNA
005 20231205113715.0
007 ta
008 230509b bl.|||p| |||| 00| 00por d
040 _aBR-BrBNA
_bpor
_cBiblioteca Nacional de Agricultura
041 _a(Pt)
072 _aF04
100 1 _aRodrigues, D.S.
100 1 _aNomura, E.S.
100 1 _aGarcia, V.A.
245 1 _aCoberturas de solo afetando a produção de alface em sistema orgânico
650 _aALFACE
650 _aCOBERTURA DO SOLO
650 _aADUBAÇÃO
650 _aPRODUTIVIDADE
773 0 _tRevista Ceres (Brazil)
_xISSN 0034-737X
_g(May-Jun 2009), v. 56(3) p. 332-335
_wBR0905581
909 _a202311
_bLúcia
_c55
_dLúcia Elande
942 _2AGRIS
_n0
_cANA
999 _c205162
_d205162